Weezer Songs - Statistics

General Stats
  • This quiz has been taken 638 times
  • The average score is 8 of 12
Answer Stats
Hint Answer % Correct
Flip on the telly, wrestle with Jimmy Say It Ain't So
89%
Woo hoo and you know I'm yours Buddy Holly
88%
When you're on a golden sea, you don't need no memory Island in the Sun
80%
We were good as married in mind, but married in my mind's no good Pink Triangle
78%
I asked you to go to the Green Day concert El Scorcho
77%
I've got posters on the wall, my favourite rock group Kiss In The Garage
71%
Choo choo train left by on time My Name is Jonas
70%
I can't help my boogies, they get out of control Hash Pipe
51%
You say it's a good thing, that you float in the air Only in Dreams
51%
Every time I pin down what I think I want it slips away Butterfly
50%
Everything I need has denied me, everything I want is taken away from me The Good Life
50%
But you got to learn to reach out there and grab it Photograph
44%
No matching quizzes found
Score Distribution
Percent of People with Each Score
Percentile by Number Answered
Your Score History
You have not taken this quiz